<?xml version="1.0" encoding="UTF-8"?>
<collection xmlns="http://www.loc.gov/MARC21/slim">
 <record>
  <leader>01967nam a22002657a 4500</leader>
  <controlfield tag="001">NCT_75527</controlfield>
  <controlfield tag="008">200224b        xxu||||| |||| 00| 0 vie d</controlfield>
  <datafield tag="999" ind1=" " ind2=" ">
   <subfield code="c">3682</subfield>
   <subfield code="d">3682</subfield>
  </datafield>
  <datafield tag="020" ind1=" " ind2=" ">
   <subfield code="a">9786046620006</subfield>
   <subfield code="c">175000</subfield>
  </datafield>
  <datafield tag="082" ind1="0" ind2="4">
   <subfield code="2">23rd ed.</subfield>
   <subfield code="a">615.88</subfield>
   <subfield code="b">Ph561</subfield>
  </datafield>
  <datafield tag="100" ind1="1" ind2=" ">
   <subfield code="a">Đỗ Thị Phương</subfield>
   <subfield code="e">Chủ biên</subfield>
  </datafield>
  <datafield tag="245" ind1="1" ind2="0">
   <subfield code="a">Hướng dẫn sử dụng y học cổ truyền trong chăm sóc sức khỏe cộng đồng : </subfield>
   <subfield code="b">Tài liệu dành cho cán bộ y tế cơ sở</subfield>
   <subfield code="c">Đỗ Thị Phương (chủ biên) ; Lê Thị Hiền, Lê Thành Xuân, ....(biên soạn)</subfield>
  </datafield>
  <datafield tag="260" ind1=" " ind2=" ">
   <subfield code="a">H.</subfield>
   <subfield code="b">Y học</subfield>
   <subfield code="c">2016</subfield>
  </datafield>
  <datafield tag="300" ind1=" " ind2=" ">
   <subfield code="a">379 tr.</subfield>
   <subfield code="c">27cm</subfield>
  </datafield>
  <datafield tag="500" ind1=" " ind2=" ">
   <subfield code="a">ĐTTS ghi: Trường Đại học Y Hà Nội. Khoa Y học cổ truyền</subfield>
  </datafield>
  <datafield tag="520" ind1="3" ind2=" ">
   <subfield code="a">Sách khái quát một số lý luận cơ bản của y học cổ truyền, các phương pháp chữa bệnh của y học cổ truyền, ứng dụng y học cổ truyền trong chăm sóc và điều trị một số bệnh thường gập tại cộng đồng.</subfield>
  </datafield>
  <datafield tag="653" ind1=" " ind2=" ">
   <subfield code="a">Dược học</subfield>
  </datafield>
  <datafield tag="700" ind1="1" ind2=" ">
   <subfield code="a">Lê Thị Hiền</subfield>
   <subfield code="e">Biên soạn</subfield>
  </datafield>
  <datafield tag="700" ind1="1" ind2=" ">
   <subfield code="a">Lê Thành Xuân</subfield>
   <subfield code="e">Biên soạn</subfield>
  </datafield>
  <datafield tag="942" ind1=" " ind2=" ">
   <subfield code="2">ddc</subfield>
   <subfield code="c">BK</subfield>
  </datafield>
  <datafield tag="952" ind1=" " ind2=" ">
   <subfield code="0">0</subfield>
   <subfield code="1">0</subfield>
   <subfield code="2">ddc</subfield>
   <subfield code="4">0</subfield>
   <subfield code="6">615_880000000000000_PH561</subfield>
   <subfield code="7">0</subfield>
   <subfield code="9">18869</subfield>
   <subfield code="a">000001</subfield>
   <subfield code="b">000001</subfield>
   <subfield code="d">2020-02-24</subfield>
   <subfield code="l">1</subfield>
   <subfield code="o">615.88 Ph561</subfield>
   <subfield code="p">MD.16440</subfield>
   <subfield code="r">2020-03-27</subfield>
   <subfield code="s">2020-03-19</subfield>
   <subfield code="v">175000.00</subfield>
   <subfield code="w">2020-02-24</subfield>
   <subfield code="y">BK</subfield>
  </datafield>
  <datafield tag="952" ind1=" " ind2=" ">
   <subfield code="0">0</subfield>
   <subfield code="1">0</subfield>
   <subfield code="2">ddc</subfield>
   <subfield code="4">0</subfield>
   <subfield code="6">615_880000000000000_PH561</subfield>
   <subfield code="7">0</subfield>
   <subfield code="9">18870</subfield>
   <subfield code="a">000001</subfield>
   <subfield code="b">000001</subfield>
   <subfield code="d">2020-02-24</subfield>
   <subfield code="l">2</subfield>
   <subfield code="o">615.88 Ph561</subfield>
   <subfield code="p">MD.16441</subfield>
   <subfield code="r">2020-05-04</subfield>
   <subfield code="s">2020-03-24</subfield>
   <subfield code="v">175000.00</subfield>
   <subfield code="w">2020-02-24</subfield>
   <subfield code="y">BK</subfield>
  </datafield>
  <datafield tag="952" ind1=" " ind2=" ">
   <subfield code="0">0</subfield>
   <subfield code="1">0</subfield>
   <subfield code="2">ddc</subfield>
   <subfield code="4">0</subfield>
   <subfield code="6">615_880000000000000_PH561</subfield>
   <subfield code="7">0</subfield>
   <subfield code="9">18871</subfield>
   <subfield code="a">000001</subfield>
   <subfield code="b">000001</subfield>
   <subfield code="d">2020-02-24</subfield>
   <subfield code="l">1</subfield>
   <subfield code="o">615.88 Ph561</subfield>
   <subfield code="p">MD.16442</subfield>
   <subfield code="r">2020-05-22</subfield>
   <subfield code="s">2020-03-24</subfield>
   <subfield code="v">175000.00</subfield>
   <subfield code="w">2020-02-24</subfield>
   <subfield code="y">BK</subfield>
  </datafield>
  <datafield tag="952" ind1=" " ind2=" ">
   <subfield code="0">0</subfield>
   <subfield code="1">0</subfield>
   <subfield code="2">ddc</subfield>
   <subfield code="4">0</subfield>
   <subfield code="6">615_880000000000000_PH561</subfield>
   <subfield code="7">0</subfield>
   <subfield code="9">18872</subfield>
   <subfield code="a">000001</subfield>
   <subfield code="b">000001</subfield>
   <subfield code="d">2020-02-24</subfield>
   <subfield code="o">615.88 Ph561</subfield>
   <subfield code="p">MD.16443</subfield>
   <subfield code="r">2020-02-24</subfield>
   <subfield code="v">175000.00</subfield>
   <subfield code="w">2020-02-24</subfield>
   <subfield code="y">BK</subfield>
  </datafield>
  <datafield tag="980" ind1=" " ind2=" ">
   <subfield code="a">Thư viện Trường Đại học Nam Cần Thơ</subfield>
  </datafield>
 </record>
</collection>
